000 00298nam a22001337a 4500
008 170204b xxu||||| |||| 00| 0 eng d
020 _a9781905545292
041 _aeng
080 _a61
100 _a3
101 _aSHM
245 _aMBJ CLINICAL EVIDENCE HANDBOOK
_cTUCKSON, R.V
942 _2udc
_cBK
999 _c4596
_d4596